|
|
|
|
| LEADER |
00000caa a2200000 c 4500 |
| 001 |
1661813267 |
| 003 |
DE-627 |
| 005 |
20220610105044.0 |
| 007 |
tu |
| 008 |
061010s2006 xx ||||| 00| ||ger c |
| 035 |
|
|
|a (DE-627)1661813267
|
| 035 |
|
|
|a (DE-576)257790780
|
| 035 |
|
|
|a (DE-599)BSZ257790780
|
| 040 |
|
|
|a DE-627
|b ger
|c DE-627
|e rakwb
|
| 041 |
|
|
|a ger
|
| 100 |
1 |
|
|a Jahn, Matthias
|d 1968-
|0 (DE-588)131544799
|0 (DE-627)510511465
|0 (DE-576)176232893
|4 aut
|
| 109 |
|
|
|a Jahn, Matthias 1968-
|
| 245 |
1 |
4 |
|a Der Widerspenstigen Zähmung
|b aktuelle Gesetzgebungsvorschläge zu den Urteilsabsprachen im Strafprozess
|c Matthias Jahn und Martin Müller
|
| 264 |
|
1 |
|c 2006
|
| 300 |
|
|
|a H. 10, S. 681 - 687
|
| 336 |
|
|
|a Text
|b txt
|2 rdacontent
|
| 337 |
|
|
|a ohne Hilfsmittel zu benutzen
|b n
|2 rdamedia
|
| 338 |
|
|
|a Band
|b nc
|2 rdacarrier
|
| 700 |
1 |
|
|a Müller, Martin
|0 (DE-627)1395848874
|0 (DE-576)325848874
|4 aut
|
| 773 |
0 |
8 |
|i In
|t Juristische Arbeitsblätter
|d München : Beck, 1969
|g 38(2006), 10, Seite 681 - 687
|w (DE-627)129061115
|w (DE-600)416-9
|w (DE-576)014391899
|x 0720-6356
|7 nnas
|
| 773 |
1 |
8 |
|g volume:38
|g year:2006
|g number:10
|g pages:681 - 687
|
| 951 |
|
|
|a AR
|
| ELC |
|
|
|b 1
|
| LOK |
|
|
|0 000 xxxxxcx a22 zn 4500
|
| LOK |
|
|
|0 001 3415333191
|
| LOK |
|
|
|0 003 DE-627
|
| LOK |
|
|
|0 004 1661813267
|
| LOK |
|
|
|0 005 20260302112129
|
| LOK |
|
|
|0 008 110124||||||||||||||||ger|||||||
|
| LOK |
|
|
|0 040
|a DE-21-110
|c DE-627
|d DE-21-110
|
| LOK |
|
|
|0 689
|a s
|a Urteilsabsprachen
|
| LOK |
|
|
|0 689
|a s
|a Strafprozess
|
| LOK |
|
|
|0 852
|z Kein Bestand am IfK; Nachweis für KrimDok
|
| LOK |
|
|
|0 852
|a DE-21-110
|
| LOK |
|
|
|0 852 1
|m v
|9 00
|
| LOK |
|
|
|0 935
|a tre1
|
| LOK |
|
|
|0 938
|k v
|
| LOK |
|
|
|0 939
|a 24-01-11
|b l01
|
| ORI |
|
|
|a WA-MARC-krimdoka001.raw
|